|
|
|
|
| LEADER |
00687nam a22002172a 4500 |
| 001 |
001377736 |
| 003 |
CZ BrMZK |
| 005 |
20140401140933.0 |
| 007 |
ta |
| 008 |
140401s1961 fr er|||||||||||fre d |
| 040 |
|
|
|a BOA001
|b cze
|
| 100 |
1 |
|
|a Jacob, Hedwig
|4 dis
|
| 245 |
1 |
0 |
|a Compatibilités, antagonismes et antibioses entre quelques algues du sol /
|c Hedwig Jacob
|
| 260 |
|
|
|a Paris :
|b H. Jacob,
|c 1961
|
| 300 |
|
|
|a 74 s.
|
| 502 |
|
|
|a Disertace--Université de Paris, 1961
|
| 710 |
2 |
|
|a Université de Paris
|7 ko2003183514
|
| 910 |
|
|
|a BOA001
|b 2-0483.047
|
| 990 |
|
|
|a BK
|
| 991 |
|
|
|b 201403
|
| 996 |
7 |
|
|b 2619060124
|c 2-0483.047
|l MZK
|r Sklad / do 24 hodin
|n 0
|w 001412799
|u 000010
|a 1
|e BOA001
|j MZK50
|s A
|